Flaggen Afrikas (beliebige Reihenfolge) - Statistiken

Allgemein
  • Dieses Quiz wurde 43 mal gespielt
  • Das Durchschnittsergebnis liegt bei 46 aus 54
Antwortstatistiken
Bildquiz Antwort % Korrekt
Ägypten
97%
Algerien
94%
Angola
94%
Elfenbeinküste
94%
Niger
94%
Seychellen
94%
Südafrika
94%
Togo
94%
Äthiopien
91%
Benin
91%
Ghana
91%
Marokko
91%
Nigeria
91%
Tschad
91%
Uganda
91%
Botswana
89%
Kenia
89%
Liberia
89%
Madagaskar
89%
Sudan
89%
Südsudan
89%
Burundi
86%
Demokratische Republik Kongo
86%
Lesotho
86%
Mauretanien
86%
Republik Kongo
86%
Somalia
86%
Tunesien
86%
Burkina Faso
83%
Eritrea
83%
Eswatini
83%
Gabun
83%
Kamerun
83%
Komoren
83%
Malawi
83%
Mosambik
83%
Sambia
83%
Simbabwe
83%
Tansania
83%
Äquatorial-Guinea
80%
Gambia
80%
Guinea
80%
Kap Verde
80%
Libyen
80%
Mali
80%
Namibia
80%
Ruanda
80%
Senegal
80%
Zentralafrikanische Republik
80%
Mauritius
77%
São Tomé und Príncipe
77%
Sierra Leone
77%
Dschibuti
74%
Guinea-Bissau
71%
Keine übereinstimmenden Quizze gefunden
Verteilung der Resultate
Anzahl Personen mit jedem Resultat
Perzentil nach korrekt beantworteten Fragen
Ihre Resultats-Entwicklung
Sie haben dieses Quiz noch nicht gespielt